00210nam a22000857a 4500082002900000245001800029260002400047300001600071526003700087 a808.831bTINcL-01, P-48 aPuss in boots aIndiabTiny Tot Pub bill.c27 cm a0b0c0d808_831000000000000_TIN